Franz Liszt

Gespeichert in:
Bibliographische Detailangaben
1. Verfasser: Leroy, Alfred (VerfasserIn)
Format: Buch
Sprache:Französisch
Veröffentlicht: París Seghers 1964
Schriftenreihe:Musiciens de tous les temps, 5
Schlagworte:
Tags: Tag hinzufügen
Keine Tags, Fügen Sie den ersten Tag hinzu!

MARC

LEADER 00000nam a2200000 a 4500
001 UCV8820
003 CL-VaPUC
005 20210428113054.0
008 911217e19640000FR |||||||||||||||||fre|d
999 |c 214265  |d 214263 
040 |c Pontificia Universidad Católica de Valparaíso 
082 0 4 |a 780.92  |b LER  |2 21 
100 |a Leroy, Alfred  |e author  |9 442379 
245 1 0 |a Franz Liszt 
260 |a París  |b Seghers  |c 1964 
300 |a 191 p 
490 0 |a Musiciens de tous les temps, 5 
583 |a last modification  |c 20180314 14:49:04  |k Rodrigo Vera 
600 0 |a Liszt, Franz,  |d 1811-1886  |9 614058 
650 7 |a COMPOSITOR  |2 CL-VaPUC  |9 266641 
942 |c BK  |2 ddc 
945 |d 19911217 00:00:00 
952 |0 0  |1 0  |4 0  |6 780_920000000000000_LER_1964  |7 0  |8 A  |9 197464  |a BIBEDU  |b BIBEDU  |d 2019-11-14  |i 2651343  |o 780.92 LER 1964  |p 2651343  |r 2023-01-12  |w 2019-11-14  |y BK  |k MUS